Gaming Quiz

Random Gaming or Board Games Quiz

Halo Games Quiz Stats

Quiz not verified by Sporcle

Challenge
Share
Tweet
Embed
Score 0/6 Timer 03:00
0 Plays Today
Order Game Name % Correct
SecondHalo 2
98.9%
ThirdHalo 3
98.9%
SixthHalo: Reach
91.5%
FouthHalo Wars
87.8%
FirstHalo: Combat Evolved
83.1%
FifthHalo 3: ODST
78.3%

You're not logged in!

Compare scores with friends on all Sporcle quizzes.
Join for Free
OR
Log In

You Might Also Like...

Show Comments

Extras

Top Quizzes Today


Score Distribution

Your Account Isn't Verified!

In order to create a playlist on Sporcle, you need to verify the email address you used during registration. Go to your Sporcle Settings to finish the process.

Report this User

Report this user for behavior that violates our Community Guidelines.

Details: